Triệu Phi Yến

Spremljeno u:
Bibliografski detalji
Glavni autor: NAM CUNG BẮC
Format: Knjiga
Jezik:Undetermined
Izdano: Văn nghệ Tp HCM 2002
Oznake: Dodaj oznaku
Bez oznaka, Budi prvi tko označuje ovaj zapis!
Thư viện lưu trữ: Trung tâm Học liệu Trường Đại học Cần Thơ
LEADER 00437nam a2200145Ia 4500
001 CTU_48752
008 210402s9999 xx 000 0 und d
082 |a 895.13081 
082 |b B101 
100 |a NAM CUNG BẮC 
245 0 |a Triệu Phi Yến 
245 0 |c NAM CUNG BẮC, Ông Văn Tùng, Trần Đăng Thao 
260 |b Văn nghệ Tp HCM 
260 |c 2002 
980 |a Trung tâm Học liệu Trường Đại học Cần Thơ